Cargando...
Modern probability theory
| Autor Principal: | |
|---|---|
| Formato: | Printed Book |
| Publicado: |
New Delhi
Wiley Eastearn
|
| Edición: | 2nd |
| Subjects: |
| LEADER | 00476nam a22001577a 4500 | ||
|---|---|---|---|
| 020 | |a 0852260911 | ||
| 082 | |a 519.2 |b RAM | ||
| 100 | |a Ramdas Bhat,B | ||
| 245 | |a Modern probability theory | ||
| 250 | |a 2nd | ||
| 260 | |a New Delhi |b Wiley Eastearn | ||
| 300 | |a xv,270 | ||
| 650 | |a theory |a Random variables | ||
| 942 | |c BK | ||
| 999 | |c 128467 |d 128463 | ||
| 952 | |0 0 |1 0 |4 0 |6 519_200000000000000_RAM |7 0 |8 NFIC |9 126892 |a SPAP |b SPAP |c FIC |d 2017-08-16 |l 0 |o 519.2 RAM |p SPAP1077 |r 2017-08-16 |w 2017-08-16 |y BK | ||